Charakter i przejawy religijności mieszczaństwa praskiego na przełome XIV i XV wieku

Titel: Charakter i przejawy religijności mieszczaństwa praskiego na przełome XIV i XV wieku
Verfasser:
In: Ecclesia et civitas, (2002), Seite 297-313
alle Artikel anzeigen
Veröffentlicht: 2002
Format: Aufsatz
Sprache: Polnisch
Kein Bild verfügbar
X
alg: 39298489
001A    $01999:11-11-16 
001B    $01999:22-05-21 $t21:52:21.000 
001D    $01999:11-11-16 
001U    $0utf8 
001X    $00 
002@    $0Aox 
003@    $039298489X 
007A    $039298489X $aHEB 
007T    $0Herdp09062 
010@    $apol 
011@    $a2002 
021A    $aCharakter i przejawy religijności mieszczaństwa praskiego na przełome XIV i XV wieku 
028A    $7121796965 $8Hledíková, Zdeňka$Z1938-2018 [Tp1] $9090860497 
031A    $h297-313 $j2002 
039B    $aIn $8--Aau--. Ecclesia et civitas. - Warszawa : Inst. Historii Polskiej Akad. Nauk, 2002. - 534 S.. - Ill.. - ISBN 83-86301-98-8 $x200200000000000703 $9115177019 
045F    $a307.094371 $eDDC23BSB 
045F/01 $a307.09 
045F/03 $g4371 

lok: 39298489 78

exp: 39298489 78 1 #EPN
201B/01 $026-11-17 $t01:22:01.000 
201U/01 $0utf8 
203@/01 $0789095203 
208@/01 $a11-11-16 $be 
209A/01 $a/ $f000 $x00 
220C/01 $aTitelaufnehmer: rb 
220C/01 $aHerkunft: Hú Av Čr Praha 
244Z/01 $#Tschechien $#Tschechische Republik $#Tschechische Republik $#Tschechenland $#Tschechei Tschechien $#Česká Republika $#Czech Republic $#ČR $74303381-7 $8--Tg1--Tschechien $x01 $9086659812 
244Z/01 $2Trx $#Böhmen $#Bohemia $#Czechy $8--Trx--Čechy $x02 $9391188941 
244Z/01 $#Prag $#Hlavni Město Praha $#Hauptstadt Prag $#Prag Kraj $#Bezirk Prag $#Praha $#Prague $#Praga $#Praag $74076310-9 $8--Tg1--Prag $x03 $9085216283 
244Z/01 $aGeschichte 1370-1410 $x04 
244Z/01 $2Trx $#kodanlus $#miestiečiai $#Middle class $#polgárság $#mieszczaństwo $#meštianstvo $#měšťanstvo $8--Trx--Bürgertum $x05 $9391383981 
244Z/01 $2Trx $#religioossus $#religingumas $#piety $#vallásosság $#religijność $#religiozita $#religiozita $8--Trx--Religiosität $x06 $9391374788 
244Z/01 $2Trx $8--Trx--Einzelbeiträge $x07 $9391384570 
245Z/01 $a13.03 $x01 
245Z/01 $a10.01 $x02 
247C/01 $82080>Marburg/Lahn, Herder-Institut, Forschungsbibliothek, Bibliographieportal $9336309341
LEADER 00000caa a22000002c 4500
001 39298489X
003 DE-603
005 20210522215221.0
007 tu
008 161111s2002 xx |||| | u00||u|pol c
035 |a (DE-599)HEB39298489X 
040 |a DE-603  |b ger  |c DE-603  |d DE-603 
041 |a pol 
082 0 4 |8 1\u  |a 307.094371  |q DE-101  |2 23/BSB 
085 |8 1\u  |b 307.09 
085 |8 1\u  |z 2  |s 4371 
100 1 |a Hledíková, Zdeňka  |d 1938-2018  |0 (DE-603)090860497  |0 (DE-588)121796965  |2 gnd 
245 0 0 |a Charakter i przejawy religijności mieszczaństwa praskiego na przełome XIV i XV wieku 
264 0 |c 2002 
773 0 8 |i In  |t Ecclesia et civitas  |d Warszawa : Inst. Historii Polskiej Akad. Nauk, 2002  |h 534 S., Ill.  |z 8386301988  |g (2002), Seite 297-313  |w (DE-603)115177019 
924 0 |9 2080  |a (DE-603)789095203  |b DE-2080  |c HES  |d d  |g /